000 00522nam a2200193Ia 4500
008 240729s9999 xx 000 0 und d
022 _a2673-3439
245 0 _aFrontiers in Genome Editing
260 _aSwitzerland
260 _bFrontiers Media S.A.
650 _a Biology (General)
650 _a Biotechnology | Science
650 _a Chemical technology
650 _a Genetics
650 _aTechnology
856 _uhttps://doaj.org/toc/24800b4073754ca5b2bb2397c648460d
942 _2ddc
942 _cDOAJEJ
999 _c67953
_d67953
945 _a1
_bMadushi Gamage
_c1
_dMadushi Gamage